书目信息 |
| 题名: |
化工维修基础
|
|
| 作者: | 高朝祥 , 文申柳 主编 | |
| 分册: | ||
| 出版信息: | 北京 化学工业出版社 2007 |
|
| 页数: | ||
| 开本: | 26cm | |
| 丛书名: | ||
| 单 册: | ||
| 中图分类: | TQ050.7 | |
| 科图分类: | ||
| 主题词: | 化工机械 , 化工设备 | |
| 电子资源: | ||
| ISBN: | 978-7-5025-9267-7 | |
| 000 | 00608nam0 2200205 450 | |
| 001 | 0754114953 | |
| 005 | 20070929150154.95 | |
| 010 | @a978-7-5025-9267-7 | |
| 100 | @a20070929d km y0chiy0120 ea | |
| 101 | 0 | @achi |
| 200 | 1 | @a化工维修基础@Ahua gong wei xiu ji chu@f高朝祥,文申柳 主编@Fgao chao xiang,wen shen liu zhu bian |
| 210 | @a北京@c化学工业出版社@d2007 | |
| 215 | @c插图@d26cm | |
| 606 | 0 | @a化工机械 |
| 606 | 0 | @a化工设备 |
| 690 | @aTQ050.7@v3 | |
| 701 | 0 | @a高朝祥@Agao chao xiang@4主编 |
| 701 | 0 | @a文申柳@Awen shen liu@4主编 |
| 801 | 0 | @aCN@bPFT@c20070929 |
| 905 | @a213230@dTQ050.7@eh168@f1 | |
| 化工维修基础/高朝祥,文申柳 主编.-北京:化学工业出版社,2007 |
| 插图;26cm |
| ISBN 978-7-5025-9267-7: |
| ● |
| 相关链接 |
|
|
|
|
正题名:化工维修基础
索取号:TQ050.7/h168
 
预约/预借
| 序号 | 登录号 | 条形码 | 馆藏地/架位号 | 状态 | 备注 |
| 1 | 6002246 | 260022460 | 密集书库-化学系/ [索取号:TQ050.7/h168] | 在馆 |